Ντόμινο με Σημαίες και Σχήματα Χωρών - Statistics

General Stats
  • This quiz has been taken 10 times
  • The average score is 10 of 15
Answers on the Map
Answers color-coded by a green-red scale on the quiz's map according to % correct below.
 
Answer Stats
Answer % Correct
90%
80%
70%
70%
70%
70%
70%
70%
70%
60%
60%
60%
50%
50%
40%
No matching quizzes found
Score Distribution
Percent of People with Each Score
Percentile by Number Answered
Your Score History
You have not taken this quiz